MARC details
| 000 -CABECERA |
| campo de control de longitud fija |
01424nam a2200265 u 4500 |
| 003 - IDENTIFICADOR DEL NÚMERO DE CONTROL |
| campo de control |
MX-MxUPN |
| 005 - FECHA Y HORA DE LA ÚLTIMA TRANSACCIÓN |
| campo de control |
20241109063736.0 |
| 008 - ELEMENTOS DE LONGITUD FIJA--INFORMACIÓN GENERAL |
| campo de control de longitud fija |
190617t1994 mx r 000 0 spa d |
| 020 ## - NÚMERO INTERNACIONAL NORMALIZADO PARA LIBROS |
| Número Internacional Estándar del Libro |
9688424145 |
| 035 ## - NÚMERO DE CONTROL DEL SISTEMA |
| Número de control de sistema |
UPN01000231360 |
| 040 ## - FUENTE DE LA CATALOGACIÓN |
| Centro catalogador/agencia de origen |
MX-MxUPN |
| Lengua de catalogación |
spa |
| Centro/agencia transcriptor |
MX-MxUPN |
| 041 0# - CÓDIGO DE IDIOMA |
| Código de lengua del texto/banda sonora o título independiente |
spa |
| 050 14 - SIGNATURA TOPOGRÁFICA DE LA BIBLIOTECA DEL CONGRESO |
| Número de clasificación |
JC585 |
| Número de documento/Ítem |
D4.5 |
| 245 00 - MENCIÓN DE TÍTULO |
| Título |
Democracia y derechos humanos / |
| Mención de responsabilidad, etc. |
Abelardo Villegas ... [ et al.]. |
| 260 ## - PUBLICACIÓN, DISTRIBUCIÓN, ETC. |
| Lugar de publicación, distribución, etc. |
México, D.F. : |
| Nombre del editor, distribuidor, etc. |
UNAM, Coordinación de Humanidades : |
| -- |
M.A. Porrúa, |
| Fecha de publicación, distribución, etc. |
©1994. |
| 250 ## - MENCIÓN DE EDICIÓN |
| Mención de edición |
Primera edición. |
| 300 ## - DESCRIPCIÓN FÍSICA |
| Extensión |
177 páginas |
| 490 0# - MENCIÓN DE SERIE |
| Mención de serie |
Ciencias sociales |
| 505 0# - NOTA DE CONTENIDO CON FORMATO PREESTABLECIDO |
| Título |
La democracia en América Latina / |
| Mención de responsabilidad |
Abelardo Villegas -- |
| Título |
Garantías individuales y derechos sociales: una polémica que no termina / |
| Mención de responsabilidad |
Ignacio Sosa -- |
| Título |
La teoría del derecho natural en Santo Tomás: ¿punto de partida de los derechos humanos? / |
| Mención de responsabilidad |
Ana Luisa Guerrero G. -- |
| Título |
Derechos naturales y derechos humanos en Bartolomé de las Casas y la Escuela de Salamanca / |
| Mención de responsabilidad |
Mauricio Beuchot -- |
| Título |
Los dos liberalismos del siglo XVIII (y algunas actualizaciones) / |
| Mención de responsabilidad |
José Luis Orozco -- |
| Título |
Tópicos (ius) filosóficos de los derechos humanos / |
| Mención de responsabilidad |
Roque Carrión Wam -- |
| Título |
Constitucionalismo y derechos humanos en América Latina / |
| Mención de responsabilidad |
Jorge Mario García Laguardia. |
| 650 #4 - ASIENTO SECUNDARIO DE MATERIA - TERMINO TEMATICO |
| Término de materia o nombre geográfico como elemento de entrada |
Derechos humanos |
| 9 (RLIN) |
5797 |
| 650 #4 - ASIENTO SECUNDARIO DE MATERIA - TERMINO TEMATICO |
| Término de materia o nombre geográfico como elemento de entrada |
Democracia |
| 9 (RLIN) |
6020 |
| 700 1# - ASIENTO SECUNDARIO--NOMBRE DE PERSONAL |
| Nombre de persona |
Villegas, Abelardo, |
| Fechas asociadas al nombre |
1934-2001 |
| Término indicativo de función/relación |
coaut. |
| 9 (RLIN) |
29508 |
| 905 ## - TIPO DE MATERIAL |
| Tipo de material |
Libro |